Fr. Conceicao Rodrigues College of Engineering

Text book of Electrical technology (Record no. 26704)

MARC details
000 -LEADER
fixed length control field 00378nam a2200169Ia 4500
082 ## - DEWEY DECIMAL CLASSIFICATION NUMBER
Classification number 621.3
Item number THE
100 ## - MAIN ENTRY--PERSONAL NAME
Personal name Theraja/B.L & A.K.
250 ## - EDITION STATEMENT
Edition statement 2
245 ## - TITLE STATEMENT
Title Text book of Electrical technology
260 ## - PUBLICATION, DISTRIBUTION, ETC.
Name of publisher, distributor, etc. S. Chand & co.
Place of publication, distribution, etc. NONE
Date of publication, distribution, etc. 1989
300 ## - PHYSICAL DESCRIPTION
Extent 1144
546 ## - LANGUAGE NOTE
Language note ENGLISH
650 ## - SUBJECT ADDED ENTRY--TOPICAL TERM
Topical term or geographic name entry element Electrical Engineering
654 ## - SUBJECT ADDED ENTRY--FACETED TOPICAL TERMS
Focus term electrical
942 ## - ADDED ENTRY ELEMENTS (KOHA)
Koha item type BOOK
Holdings
Withdrawn status Lost status Damaged status Not for loan Collection Home library Current library Date acquired Total Checkouts Full call number Barcode Date last seen Price effective from Koha item type
        CRC Fr. Agnel's C.Rodrigues College of Engineering Fr. Agnel's C.Rodrigues College of Engineering 17/03/2023   621.3 THE 9959 17/03/2023 17/03/2023 BOOK